|
|
|
|
| LEADER |
00000nab a2200000 4500 |
| 001 |
vtls011789719 |
| 003 |
SK-MaSNL |
| 005 |
20260318114447.0 |
| 008 |
181108|2018 xo |||| || ||00 0|hun |
| 015 |
|
|
|a SNBRB2018/11
|
| 040 |
|
|
|a DSZK
|b slo
|c DSZK
|e rda
|
| 041 |
|
|
|a hun
|a slo
|
| 043 |
|
|
|a e-xo---
|
| 044 |
|
|
|a xo
|c SK
|
| 072 |
|
7 |
|a 796
|x Šport. Hry. Telesné cvičenia
|2 konspekt
|
| 080 |
|
|
|a 796.88
|x (437.6)
|2 2011
|
| 100 |
1 |
|
|a Kmeť, Vladislav,
|d 1950-
|4 aut
|9 338580
|
| 245 |
1 |
0 |
|a Valóra váltotta élete álmát
|c Vladislav Kmeť
|
| 300 |
|
|
|b Fotografie
|
| 336 |
|
|
|a text
|b txt
|2 rdacontent
|
| 337 |
|
|
|a bez média
|b n
|2 rdamedia
|
| 338 |
|
|
|a zväzok
|b nc
|2 rdacarrier
|
| 546 |
|
|
|a Dvojjazyčné vydanie
|
| 600 |
1 |
7 |
|a Patasi, Oszkár,
|d 1960-
|2 dszk
|9 1214385
|
| 610 |
2 |
7 |
|a Mestský klub vzpierania a silových športov Thermál (Veľký Meder, Slovensko)
|2 dszk
|9 1628901
|
| 611 |
2 |
7 |
|a Majstrovstvá sveta vo vzpieraní veteránov
|d (2018 :
|c Barcelona, Španielsko)
|2 dszk
|9 1630712
|
| 650 |
0 |
7 |
|a vzpieranie
|2 SNKPH
|9 3253
|
| 650 |
0 |
7 |
|a športoví veteráni
|2 SNKPH
|9 120960
|
| 651 |
|
7 |
|a Veľký Meder (Slovensko)
|2 SNKPHgeo
|9 19224
|
| 773 |
0 |
|
|t Nagymegyeri hírmondó = Veľkomederský hlásnik
|g Évf. XIV, sz. 9 (2018), o. 12
|x 1339-2409
|
| 958 |
|
|
|a SK
|
| 958 |
|
|
|a HU
|
| 958 |
|
|
|a RG
|
| 999 |
|
|
|c 3364113
|d 3366043
|